000 00597nam a2200193Ia 4500
005 20250508152717.0
008 008 250505s9999 xx 000 0 eng d
037 _aTextual
040 _aFEDL
_beng
_cFEDL
041 _aeng
_2eng
084 _a954.02, ISH
_qFEDL
100 _aIshwari Prasad
245 0 _aShort history of Muslim rule in India: From the advent of Islam to the death of Aurangzeb
250 _aRev.Edition
260 _aAllahabad, India
_bThe Indian Press Pvt. Ltd.
_c1958
300 _axii,563p
942 _cTEXL
_h954.02, ISH
999 _c1338224
_d1338224